| 000 | 01618nam a2200469 i 4500 | ||
|---|---|---|---|
| 001 | 21215 | ||
| 003 | KOSZ 005 | ||
| 005 | 20211019145450.0 | ||
| 008 | 990506s1982 pl a |000 0 pol | ||
| 015 | _aUWD 1983/2090 | ||
| 035 | _a991009239079705066 | ||
| 035 | _a(PL-WaBN)b12505663-48omnis_nlop | ||
| 035 | _ab12505663 | ||
| 035 | _a(OCoLC)749693373 | ||
| 035 | _a(PL)b0000001250566 | ||
| 035 | _a(EXLNZ-48OMNIS_NETWORK)9910479723005606 | ||
| 040 |
_aWA N _cWA N _dKOSZ 005/HR |
||
| 041 | 0 | _apol | |
| 046 | _k1982 | ||
| 080 | _a625.1 | ||
| 080 | _a(075.8) | ||
| 100 | 1 |
_aBasiewicz, Tadeusz _d(1927-2016) _eAutor |
|
| 245 | 1 | 0 |
_aProjektowanie linii kolejowych : _bskrypt dla studentów wyższych szkół technicznych / _cTadeusz Basiewicz ; Politechnika Krakowska im. Tadeusza Kościuszki. |
| 260 |
_aKraków : _bPK, _c1982. |
||
| 300 |
_a130 s., [2] k. tabl. : _bpl., rys., wykr. ; _c24 cm. |
||
| 336 |
_aTekst _btxt _2rdacontent |
||
| 337 |
_aBez urządzenia pośredniczącego _bn _2rdamedia |
||
| 338 |
_aWolumin _bnc _2rdacarrier |
||
| 380 | _aKsiążki | ||
| 388 | _a1901-2000 | ||
| 388 | _a1945-1989 | ||
| 504 | _aBibliogr. s. 129-130. | ||
| 650 | 7 |
_aLinie kolejowe _2DBN |
|
| 650 | 7 | _aProjektowanie | |
| 655 | 7 |
_aPodręczniki akademickie _2DBN |
|
| 658 | _aInżynieria i technika | ||
| 658 | _aTransport i logistyka | ||
| 710 | 2 |
_aPolitechnika Krakowska im. Tadeusza Kościuszki _4pbl |
|
| 856 |
_uhttp://koha.tu.koszalin.pl/cgi-bin/koha/opac-detail.pl?biblionumber=21215 _yKatalog online BPK |
||
| 942 |
_2UKD _cKS |
||
| 999 |
_c21215 _d21215 |
||